[Event "Titled Tuesday intern op 03rd Nov"]
[Site "Chess.com INT"]
[Date "2020.11.03"]
[Round "5"]
[White "Pavlov, Danila"]
[Black "Mendes Domingues, Ribeiro Matheus"]
[Result "1-0"]
[WhiteElo "2348"]
[BlackElo "2133"]
[PlyCount "141"]
[EventDate "2020.11.03"]
[EventType "swiss (blitz)"]
[EventRounds "11"]
[EventCountry "USA"]
[SourceTitle "CBM 199 Extra"]
[Source "ChessBase"]
[SourceDate "2021.01.31"]
[SourceVersion "1"]
[SourceVersionDate "2021.01.31"]
[SourceQuality "1"]

1. e4 c5 2. Nf3 Nc6 3. d4 cxd4 4. Nxd4 Nf6 5. Nc3 e6 6. Ndb5 Bb4 7. a3 Bxc3+ 8. Nxc3 d5 9. exd5 exd5 10. Bd3 0-0 11. 0-0 d4 12. Ne2 Bg4 13. f3 Bh5 14. Nf4 Bg6 15. Nxg6 hxg6 16. Bg5 Qb6 17. b4 Nd5 18. Qd2 Ne3 19. Rfe1 Rfe8 20. Re2 Ne5 21. Rae1 Rac8 22. Kh1 N5c4 23. Bxc4 Rxc4 24. Bxe3 dxe3 25. Qd3 Rd4 26. Rxe3 Rxe3 27. Qxe3 Qd6 28. h3 a6 29. Qe8+ Kh7 30. Qxf7 Qg3 31. Rg1 b5 32. Qe6 Rd6 33. Qg4 Qxg4 34. hxg4 Rc6 35. Rc1 Rc3 36. Kh2 Rxa3 37. c3 g5 38. Kh3 Kg6 39. g3 Ra2 40. f4 Rf2 41. f5+ Kf6 42. Ra1 Rc2 43. Rxa6+ Kf7 44. Rc6 Rc1 45. Rc5 Kf6 46. Kg2 Rc2+ 47. Kf3 Rc1 48. Ke3 Rg1 49. Kf2 Rc1 50. Ke2 Rc2+ 51. Kf3 Rc1 52. Ke4 Re1+ 53. Kd5 Rd1+ 54. Kc6 Rg1 55. Kxb5 Rxg3 56. Rc6+ Kf7 57. c4 Rxg4 58. Rc7+ Kf6 59. c5 Rf4 60. c6 g4 61. Rc8 g3 62. Rf8+ Ke7 63. c7 Kxf8 64. c8Q+ Kf7 65. Qc7+ Kg8 66. Qxf4 g2 67. Qg3 g1Q 68. Qxg1 Kh8 69. Qg6 Kg8 70. f6 Kh8 71. Qxg7# 1-0

[Event "Titled Tuesday intern op 03rd Nov"]
[Site "Chess.com INT"]
[Date "2020.11.03"]
[Round "9"]
[White "Samunenkov, Igor"]
[Black "Pavlov, Danila"]
[Result "1-0"]
[WhiteElo "2189"]
[BlackElo "2348"]
[PlyCount "203"]
[EventDate "2020.11.03"]
[EventType "swiss (blitz)"]
[EventRounds "11"]
[EventCountry "USA"]
[SourceTitle "CBM 199 Extra"]
[Source "ChessBase"]
[SourceDate "2021.01.31"]
[SourceVersion "1"]
[SourceVersionDate "2021.01.31"]
[SourceQuality "1"]

1. e4 e6 2. d4 d5 3. Nd2 Nf6 4. e5 Nfd7 5. Bd3 c5 6. c3 Nc6 7. Ne2 cxd4 8. cxd4 f6 9. exf6 Nxf6 10. 0-0 Bd6 11. Nf3 Qc7 12. Nc3 a6 13. h3 0-0 14. Be3 e5 15. dxe5 Nxe5 16. Nd4 Nxd3 17. Qxd3 Qf7 18. Rad1 b5 19. a3 Bb7 20. Nf5 Bc7 21. Bd4 Rfe8 22. Rfe1 Rad8 23. Rxe8+ Rxe8 24. Bxf6 Qxf6 25. Nxd5 Bxd5 26. Qxd5+ Kh8 27. Qd7 Rd8 28. Qxc7 Rxd1+ 29. Kh2 Rd8 30. Qc5 Re8 31. Ng3 h6 32. b4 Rf8 33. f3 Re8 34. Qc7 Qe5 35. Qf7 Qe6 36. Qc7 Qe5 37. Qf7 Re6 38. f4 Qf6 39. Qc7 Re8 40. Nh5 Qg6 41. Ng3 Qe6 42. Nh5 Qg6 43. Ng3 Rf8 44. f5 Qf7 45. Qd6 Qf6 46. Qd7 Rd8 47. Qc7 Qd6 48. Qf7 Rf8 49. Qb7 Rxf5 50. Qc8+ Rf8 51. Qc2 Qf6 52. Qe4 Qd6 53. Qg4 Rd8 54. h4 Rf8 55. Kh3 Qf4 56. Qe2 Qf6 57. Qe4 Qf7 58. Qe5 Re8 59. Qc3 Qe6+ 60. Kh2 Qe5 61. Qc6 Re6 62. Qc8+ Kh7 63. Qc2+ Kh8 64. Qc8+ Re8 65. Qc2 Qe6 66. Qd3 Qc4 67. Qg6 Qe6 68. Qc2 Rc8 69. Qd3 Rc4 70. Qd8+ Kh7 71. h5 Rh4+ 72. Qxh4 Qe5 73. Qh3 Kh8 74. Qf5 Qe7 75. Qf3 Qh4+ 76. Kg1 Qd4+ 77. Qf2 Qd1+ 78. Nf1 Qd6 79. g3 Qd5 80. Qg2 Qxh5 81. Qa8+ Kh7 82. Qxa6 Qd5 83. Qc8 Qd4+ 84. Kg2 Qe4+ 85. Kf2 Qd4+ 86. Ne3 Qd2+ 87. Kf3 Qd4 88. Qf5+ Kh8 89. Qxb5 Qf6+ 90. Qf5 Qb2 91. b5 Qxa3 92. b6 Qb3 93. Qf8+ Kh7 94. Qf5+ Kh8 95. Qc8+ Kh7 96. b7 Qb2 97. b8Q Qf6+ 98. Qf5+ Qxf5+ 99. Nxf5 Kg6 100. Nxg7 Kxg7 101. Kg4 h5+ 102. Kxh5 1-0

[Event "Titled Tuesday intern op 18th Aug"]
[Site "Chess.com INT"]
[Date "2020.08.18"]
[Round "4"]
[White "Pavlov, Danila"]
[Black "Sahil, Tickoo"]
[Result "1-0"]
[WhiteElo "2348"]
[BlackElo "2245"]
[PlyCount "67"]
[EventDate "2020.08.18"]
[EventType "swiss (blitz)"]
[EventRounds "10"]
[EventCountry "USA"]
[SourceTitle "CBM 197 Extra"]
[Source "ChessBase"]
[SourceDate "2020.09.30"]
[SourceVersion "1"]
[SourceVersionDate "2020.09.30"]
[SourceQuality "1"]

1. e4 c5 2. Nf3 d6 3. d4 cxd4 4. Nxd4 Nf6 5. Nc3 a6 6. Be3 e5 7. Nb3 Be7 8. Qd2 Be6 9. 0-0-0 0-0 10. f4 exf4 11. Bxf4 Nc6 12. Bxd6 Bxd6 13. Qxd6 Qc8 14. Nd5 Bxd5 15. exd5 Rd8 16. Qc5 Ne5 17. Qe3 Nc4 18. Bxc4 Qxc4 19. d6 Qc6 20. Qf4 Nd5 21. Qe5 Nb4 22. c3 Nxa2+ 23. Kb1 Qa4 24. Nc5 Qa5 25. Nd3 Qa4 26. Qd5 Nxc3+ 27. bxc3 b5 28. Nb2 Qa5 29. c4 Qb4 30. c5 a5 31. Rd4 Qc3 32. Rc1 Qa3 33. Rd3 Qb4 34. Qd4 1-0

[Event "Titled Tuesday intern op 11th Aug"]
[Site "Chess.com INT"]
[Date "2020.08.11"]
[Round "6"]
[White "Kamsky, Gata"]
[Black "Pavlov, Danila"]
[Result "1-0"]
[WhiteElo "2674"]
[BlackElo "2348"]
[PlyCount "95"]
[EventDate "2020.08.11"]
[EventType "swiss (blitz)"]
[EventRounds "10"]
[EventCountry "USA"]
[SourceTitle "CBM 197 Extra"]
[Source "ChessBase"]
[SourceDate "2020.09.30"]
[SourceVersion "1"]
[SourceVersionDate "2020.09.30"]
[SourceQuality "1"]

1. d4 Nf6 2. Nf3 g6 3. c3 Bg7 4. Bf4 d6 5. h3 0-0 6. Nbd2 Nfd7 7. e3 Nc6 8. Be2 e5 9. Bh2 f5 10. b4 Kh8 11. b5 Na5 12. Nb3 Nxb3 13. axb3 Qe7 14. 0-0 g5 15. Nd2 Nf6 16. Qc1 f4 17. dxe5 dxe5 18. exf4 exf4 19. Re1 Bf5 20. Bf3 Qc5 21. Bxb7 Rad8 22. b4 Qxb5 23. Bf3 Qd3 24. Nb3 Nd5 25. Rd1 Qxc3 26. Bxd5 Qxb4 27. Rxa7 Rxd5 28. Rxd5 Qxb3 29. Rd1 Be5 30. Re1 Bd4 31. Rxc7 Qb6 32. Kh1 Bxf2 33. Bg1 Bxg1 34. Rxg1 f3 35. Qc3+ Qf6 36. gxf3 Qxc3 37. Rxc3 h6 38. Kh2 Kh7 39. Kg3 Kg6 40. Ra1 Rf6 41. Ra5 Kh5 42. Rac5 Bd7 43. h4 Rf4 44. hxg5 hxg5 45. Rd3 Bf5 46. Rdd5 Kg6 47. Rd6+ Kh5 48. Rf6 1-0

[Event "Titled Tuesday intern op 11th Aug"]
[Site "Chess.com INT"]
[Date "2020.08.11"]
[Round "4"]
[White "Pavlov, Danila"]
[Black "Grigoriants, Sergey"]
[Result "0-1"]
[WhiteElo "2348"]
[BlackElo "2542"]
[PlyCount "66"]
[EventDate "2020.08.11"]
[EventType "swiss (blitz)"]
[EventRounds "10"]
[EventCountry "USA"]
[SourceTitle "CBM 197 Extra"]
[Source "ChessBase"]
[SourceDate "2020.09.30"]
[SourceVersion "1"]
[SourceVersionDate "2020.09.30"]
[SourceQuality "1"]

1. e4 c6 2. Nf3 d5 3. Nc3 Bg4 4. h3 Bxf3 5. Qxf3 Nf6 6. d3 e6 7. g4 Bb4 8. Bd2 0-0 9. g5 Nfd7 10. h4 d4 11. Nb1 c5 12. a3 Bxd2+ 13. Nxd2 Nc6 14. Qg3 b5 15. f4 Rc8 16. Be2 Qe7 17. 0-0 f5 18. Rae1 Qd6 19. Bf3 Nb6 20. Rf2 Ne7 21. Rfe2 c4 22. Qh2 Ng6 23. exf5 exf5 24. h5 Nxf4 25. Re7 cxd3 26. cxd3 Rc2 27. h6 gxh6 28. gxh6 Kh8 29. Rg7 Nc8 30. Kh1 Rxd2 31. Qh4 Rxd3 32. Bb7 Rh3+ 33. Qxh3 Nxh3 0-1

[Event "Titled Tuesday intern op 6th June"]
[Site "Chess.com INT"]
[Date "2020.06.02"]
[Round "4"]
[White "Pavlov, Danila"]
[Black "Issani, Nameer"]
[Result "0-1"]
[WhiteElo "2348"]
[BlackElo "2070"]
[PlyCount "28"]
[EventDate "2020.06.02"]
[EventType "swiss (blitz)"]
[EventRounds "10"]
[EventCountry "USA"]
[SourceTitle "CBM 196 Extra"]
[Source "ChessBase"]
[SourceDate "2020.07.31"]
[SourceVersion "1"]
[SourceVersionDate "2020.07.31"]
[SourceQuality "1"]

1. e4 e5 2. Nf3 Nc6 3. Bb5 a6 4. Bxc6 dxc6 5. 0-0 f6 6. d4 exd4 7. Nxd4 Bd6 8. Nc3 Ne7 9. Be3 0-0 10. Qe2 c5 11. Nb3 b6 12. Rad1 Qe8 13. Rfe1 Qg6 14. Qf3 Bg4 0-1

[Event "Titled Tuesday intern op 6th June"]
[Site "Chess.com INT"]
[Date "2020.06.02"]
[Round "6"]
[White "Pavlov, Danila"]
[Black "Spyropoulos, Nikolaos"]
[Result "1-0"]
[WhiteElo "2348"]
[BlackElo "2403"]
[PlyCount "89"]
[EventDate "2020.06.02"]
[EventType "swiss (blitz)"]
[EventRounds "10"]
[EventCountry "USA"]
[SourceTitle "CBM 196 Extra"]
[Source "ChessBase"]
[SourceDate "2020.07.31"]
[SourceVersion "1"]
[SourceVersionDate "2020.07.31"]
[SourceQuality "1"]

1. e4 e5 2. Nf3 Nc6 3. Bb5 g6 4. Nc3 Bg7 5. Nd5 a6 6. Ba4 Nge7 7. 0-0 0-0 8. Re1 d6 9. Nxe7+ Nxe7 10. h3 h6 11. d3 f5 12. Bb3+ Kh7 13. c3 f4 14. d4 Qe8 15. Bc2 g5 16. Nh2 Nc6 17. b3 Qg6 18. Bb2 h5 19. f3 Bd7 20. a4 Bf6 21. Qd3 Kg7 22. b4 g4 23. fxg4 hxg4 24. Nxg4 Bxg4 25. hxg4 Rh8 26. b5 Ne7 27. Kf1 Qxg4 28. Qf3 Qxf3+ 29. gxf3 Rh1+ 30. Kg2 Rh6 31. Rg1 Rah8 32. Kf2+ Kf8 33. bxa6 bxa6 34. Rg2 Bh4+ 35. Ke2 Bg3 36. Bd3 a5 37. Ba3 Rh2 38. Rag1 Rxg2+ 39. Rxg2 Rh1 40. Bb5 Ra1 41. Bb2 Ra2 42. Kd3 d5 43. dxe5 dxe4+ 44. Kxe4 c6 45. Bc4 1-0

[Event "Titled Tuesday intern op 6th June"]
[Site "Chess.com INT"]
[Date "2020.06.02"]
[Round "2"]
[White "Pavlov, Danila"]
[Black "Szadkowski, Kamil"]
[Result "1-0"]
[WhiteElo "2348"]
[BlackElo "2278"]
[PlyCount "29"]
[EventDate "2020.06.02"]
[EventType "swiss (blitz)"]
[EventRounds "10"]
[EventCountry "USA"]
[SourceTitle "CBM 196 Extra"]
[Source "ChessBase"]
[SourceDate "2020.07.31"]
[SourceVersion "1"]
[SourceVersionDate "2020.07.31"]
[SourceQuality "1"]

1. e4 c5 2. Nf3 d6 3. d4 cxd4 4. Nxd4 Nf6 5. Nc3 a6 6. Be3 e5 7. Nb3 Be6 8. Qd2 Be7 9. 0-0-0 0-0 10. f4 Nbd7 11. f5 Bxb3 12. axb3 Nc5 13. Bxc5 dxc5 14. Bc4 Ng4 15. Qe2 1-0